000
00256nam a2200109 4500
082
_a
628.03BEL
100
_a
Bellamy, Patrick
245
_a
Dictionary Of Environment
260
_a
New Delhi:
_b
Academic Publishers,
_c
2007.
300
_a
483p. ;
942
_c
BK
999
_c
11255
_d
11255